| 000 | 00769cam a22002291a 4500 | ||
|---|---|---|---|
| 001 | af 48003848 | ||
| 003 | DLC | ||
| 005 | 20260227110904.0 | ||
| 008 | 871218s1946 gw 000 0 lat | ||
| 010 | _aaf 48003848 | ||
| 035 | _a(OCoLC)17258118 | ||
| 040 |
_aDLC _cWU _dDLC |
||
| 042 | _apremarc | ||
| 050 | 0 | 0 |
_aPT1578.A1 _bS8 |
| 130 | 0 | _aNibelungenlied. | |
| 245 | 1 | 4 |
_aDas Nibelungenlied, XXX.-XXXIX, Aventiure : _bNach der Handschrift B / _chrsg. von Elfriede Stutz. |
| 260 |
_aHeidelberg : _bWinter, _c1946. |
||
| 300 |
_a107 p. ; _c20 cm. |
||
| 490 | 1 |
_aEditiones Heidelbergenses, Heidelberger Ausgaben zur Geistes- und Kulturgeschichte des Abendlandes ; _vHeft Nr. 7 |
|
| 700 | 1 |
_aStutz, Elfriede, _d1919- |
|
| 830 | 0 |
_aEditiones Heidelbergenses ; _vHeft Nr. 7. |
|
| 999 |
_c5794 _d5794 |
||